000 00535nam a2200193Ia 4500
005 20250508162020.0
008 008 250505s9999 xx 000 0 eng d
020 _a81-7450-196-7
037 _aReference
040 _aFEDL
_beng
_cFEDL
041 _aeng
_2eng
084 _a707, CHA
_qFEDL
100 _aChapman Laura H
_9772058
245 0 _aApproaches to art in education
260 _aNew York, USA
_bHarcourt Brace Jovanovich
_c1978
300 _axi,438p.
942 _cREF
_h707, CHA
999 _c1373837
_d1373837